[Event "2016 Wellington Easter Open"]
[Site "Wellington NZL"]
[Date "2016.03.25" ]
[Round "1.1"]
[White "Stracy, Don M"]
[Black "Dive, Russell J"]
[Result "0-1"]
[WhiteElo "1742"]
[BlackElo "2452"]
[PlyCount "0"]
[EventDate "2016.03.25"]
[SourceDate ""]

1.e4 c6 2.Nc3 d5 3.Nf3 Bg4 4.h3 Bh5 5.exd5 cxd5 6.Bb5+ Nc6 7.g4 Bg6 8.Ne5 Qc7
9.d4 e6 10.Qe2 O-O-O 11.Bxc6 bxc6 12.Qa6+ Qb7 13.Qxc6+ Qxc6 14.Nxc6 Rd7
15.Ne5 Rb7 16.Nxg6 hxg6 17.Rb1 Nf6 18.f3 Bd6 19.Kf2 Kd7 20.Kg2 Rc8 21.Bd2 Rc4
22.Be3 Bb4 23.Kf2 Kc8 24.Ne2 Rxc2 25.Rhc1 Rxc1 26.Rxc1+ Kd7 27.Rc2 Ne8 28.a3
Bd6 29.Bf4 a5 30.Bxd6 Nxd6 31.Nc3 Nc4 32.Na4 Kc6 33.Nc5 Rxb2 34.Rxb2 Nxb2
35.a4 e5 36.Ke3 Nc4+ 37.Kd3 exd4 38.Kxd4 Nd2 39.Nd3 Nxf3+ 40.Ke3 Ng5 41.h4
Ne6 42.Ne5+ Kc5 43.Nxf7 Kb4 44.Ne5 Kxa4 45.Nxg6 Kb3 46.Nf4 d4+ 47.Ke4 Nxf4
0-1

[Event "2016 Wellington Easter Open"]
[Site "Wellington NZL"]
[Date "2016.03.25" ]
[Round "1.2"]
[White "Wastney, Scott"]
[Black "Song, Kate"]
[Result "1-0"]
[WhiteElo "2448"]
[BlackElo "1701"]
[PlyCount "0"]
[EventDate "2016.03.25"]
[SourceDate ""]

1.e4 e6 2.d4 d5 3.Bd3 Nf6 4.e5 Nfd7 5.f4 c5 6.c3 Nc6 7.Nf3 Qb6 8.Bc2 Be7
9.O-O cxd4 10.cxd4 f6 11.Kh1 O-O 12.Nc3 a6 13.a3 Qc7 14.Qd3 f5 15.g4 Nb6
16.Rg1 Bd7 17.gxf5 exf5 18.Bb3 Be6 19.Ng5 Qd7 20.Nxe6 Qxe6 21.Rg2 Na5 22.Ba2
Nac4 23.Be3 Rf7 24.Rag1 Nxe3 25.Qxe3 Nc4 26.Bxc4 dxc4 27.d5 Qh6 28.d6 Bxd6
29.exd6 Qxd6 30.Qe5 Qxe5 31.fxe5 Re8 32.Re1 f4 33.Re4 b5 34.Rd2 f3 35.Kg1 g5
36.Kf2 Re6 37.Rd6 Rxd6 38.exd6 Kf8 39.Rg4 h6 40.Rg3 Ke8 41.Rxf3 Rh7 42.Ne4
Rh8 43.Nc5 a5 44.Ke3 g4 45.Rf5 h5 46.Ne4 b4 47.Rxa5 bxa3 48.Ra8+ 1-0

[Event "2016 Wellington Easter Open"]
[Site "Wellington NZL"]
[Date "2016.03.25" ]
[Round "1.3"]
[White "List, Robert"]
[Black "Ker, Anthony F"]
[Result "0-1"]
[WhiteElo "1661"]
[BlackElo "2415"]
[PlyCount "0"]
[EventDate "2016.03.25"]
[SourceDate ""]

1.e4 d6 2.d4 Nf6 3.Nc3 g6 4.g3 Bg7 5.Bg2 O-O 6.Nf3 Nbd7 7.O-O c5 8.h3 Rb8
9.Qe2 cxd4 10.Nxd4 a6 11.Be3 e6 12.f4 Qc7 13.Qd2 Nb6 14.b3 Bd7 15.Rad1 Rbc8
16.Nde2 Ne8 17.e5 dxe5 18.Bxb6 Qxb6+ 19.Kh2 Bc6 20.Bxc6 Qxc6 21.Qd7 exf4
0-1

[Event "2016 Wellington Easter Open"]
[Site "Wellington NZL"]
[Date "2016.03.25" ]
[Round "1.4"]
[White "Croad, Nicholas"]
[Black "Burns, Guy"]
[Result "1-0"]
[WhiteElo "2412"]
[BlackElo "1642"]
[PlyCount "0"]
[EventDate "2016.03.25"]
[SourceDate ""]

1.d4 Nf6 2.c4 d5 3.cxd5 Nxd5 4.Nf3 e6 5.e4 Nf6 6.Nc3 Bb4 7.Bd3 h6 8.O-O O-O
9.Qe2 b6 10.e5 Nd5 11.Qe4 g6 12.Bxh6 Re8 13.Bg5 Be7 14.Qh4 Kg7 15.Qh6+ Kg8
16.Nxd5 exd5 17.Bxg6 fxg6 18.Qxg6+ Kh8 19.Bf6+ Bxf6 20.exf6 Qd7 21.f7 1-0

[Event "2016 Wellington Easter Open"]
[Site "Wellington NZL"]
[Date "2016.03.25" ]
[Round "1.5"]
[White "Murdoch, Stephen"]
[Black "Steadman, Michael V R"]
[Result "0-1"]
[WhiteElo "1625"]
[BlackElo "2338"]
[PlyCount "0"]
[EventDate "2016.03.25"]
[SourceDate ""]

1.d4 Nf6 2.e3 c5 3.Bd3 b6 4.Nf3 Bb7 5.b3 g6 6.Bb2 Bg7 7.Nbd2 Nc6 8.a3 cxd4
9.exd4 Nd5 10.c4 Nf4 11.Bf1 d5 12.g3 Ne6 13.cxd5 Ncxd4 14.Nxd4 Nxd4 15.Bxd4
Bxd4 16.Bg2 Bxd5 17.Bxd5 Qxd5 18.Ke2 Qe5+ 19.Kd3 Rd8 20.Kc2 Qf5+ 21.Kc1 Bxa1
0-1

[Event "2016 Wellington Easter Open"]
[Site "Wellington NZL"]
[Date "2016.03.25" ]
[Round "1.7"]
[White "Wight, Joshua"]
[Black "Vincenti, David"]
[Result "0-1"]
[WhiteElo "1534"]
[BlackElo "2179"]
[PlyCount "0"]
[EventDate "2016.03.25"]
[SourceDate ""]

1.e4 d5 2.exd5 Qxd5 3.Nc3 Qd6 4.Nf3 Nf6 5.h3 a6 6.a4 Bf5 7.Bc4 Nc6 8.d3 h6
9.b3 e5 10.O-O Qd7 11.Re1 O-O-O 12.Bb2 Re8 13.Ne4 Bb4 14.c3 Bd6 15.b4 Nxe4
16.dxe4 Be6 17.Qb3 Bxc4 18.Qxc4 Qe6 19.Nd2 Qxc4 20.Nxc4 b5 21.axb5 axb5
22.Ra6 Kb7 23.Nxd6+ Kxa6 24.Nxe8 Rxe8 25.Rd1 Rd8 26.Rxd8 Nxd8 27.Bc1 Nb7
28.h4 Nd6 29.f3 f5 30.exf5 Nxf5 31.Bb2 Nxh4 32.c4 bxc4 33.Bxe5 g5 34.Kf2 Kb5
35.g4 Ng6 36.Bg7 Nf4 37.Bxh6 Ne6 38.Ke1 Kxb4 39.Kd1 Kb3 40.Kc1 c3 41.Bxg5
Nxg5 42.f4 Ne6 43.g5 Nxf4 0-1

[Event "2016 Wellington Easter Open"]
[Site "Wellington NZL"]
[Date "2016.03.25" ]
[Round "1.8"]
[White "Timergazi, Layla"]
[Black "Renjith, Sravan"]
[Result "1-0"]
[WhiteElo "2152"]
[BlackElo "1510"]
[PlyCount "0"]
[EventDate "2016.03.25"]
[SourceDate ""]

1.d4 Nf6 2.c4 e6 3.Nc3 Bb4 4.e3 d5 5.Bd3 O-O 6.Ne2 Nbd7 7.O-O dxc4 8.Bxc4 Nb6
9.Bd3 Nbd5 10.e4 Ne7 11.Bg5 Nd7 12.Qb3 Ba5 13.Qa3 f6 14.Qxa5 Nc6 15.Bxf6 Qxf6
16.Qxc7 Nxd4 17.Nxd4 Qxd4 18.Rad1 Qf6 19.Bb5 Ne5 20.f4 Ng4 21.Rf3 b6 22.h3
Nh6 23.Bc6 1-0

[Event "2016 Wellington Easter Open"]
[Site "Wellington NZL"]
[Date "2016.03.25" ]
[Round "1.9"]
[White "Theodosiou, Andreas"]
[Black "Nijman, Brian"]
[Result "0-1"]
[WhiteElo "1489"]
[BlackElo "2141"]
[PlyCount "0"]
[EventDate "2016.03.25"]
[SourceDate ""]

1.d4 e6 2.c4 f5 3.Nf3 Bb4+ 4.Bd2 a5 5.e3 Nf6 6.Bxb4 axb4 7.a4 b6 8.d5 Qe7
9.Be2 Bb7 10.dxe6 dxe6 11.Nbd2 O-O 12.O-O e5 13.Qb3 c5 14.Nh4 Qe6 15.Bf3 e4
16.Be2 g5 17.Nxf5 Qxf5 18.f3 Qg6 19.fxe4 Nc6 20.Bd3 Rad8 21.e5 Rxd3 22.Rxf6
Rxf6 23.Qxd3 Qxd3 24.exf6 Qxd2 0-1

[Event "2016 Wellington Easter Open"]
[Site "Wellington NZL"]
[Date "2016.03.25" ]
[Round "1.10"]
[White "Sellen, Ian"]
[Black "Steadman, Mathew"]
[Result "1-0"]
[WhiteElo "2116"]
[BlackElo "1368"]
[PlyCount "0"]
[EventDate "2016.03.25"]
[SourceDate ""]

1.c4 f5 2.g3 Nf6 3.Bg2 g6 4.Nc3 Bg7 5.e3 O-O 6.Nge2 d6 7.d4 c6 8.O-O Qe8
9.Qb3 Kh8 10.Bd2 e5 11.d5 Na6 12.dxc6 bxc6 13.Qa3 Nc5 14.Nb5 Qd7 15.Nxd6 Qxd6
16.Bb4 Nfd7 17.Rad1 Qe6 18.Bxc5 Qxc4 19.Bxf8 Bxf8 20.Qd3 Qe6 21.Qc3 Bb7
22.Nf4 Qe7 23.Bxc6 Bxc6 24.Qxc6 Rd8 25.Ne6 Nb8 26.Rxd8 Nxc6 27.Rxf8+ Qxf8
28.Nxf8 1-0

[Event "2016 Wellington Easter Open"]
[Site "Wellington NZL"]
[Date "2016.03.25" ]
[Round "1.11"]
[White "Braganza, Nadia"]
[Black "Forster, William"]
[Result "0-1"]
[WhiteElo "1364"]
[BlackElo "2075"]
[PlyCount "0"]
[EventDate "2016.03.25"]
[SourceDate ""]

1.e4 c5 2.Nf3 a6 3.d4 cxd4 4.Nxd4 e5 5.Nf5 d5 6.Ng3 Nf6 7.Bg5 Qa5+ 8.Qd2
Qxd2+ 9.Nxd2 Nxe4 10.Ngxe4 dxe4 11.Nxe4 Nc6 12.O-O-O Be7 13.Nd6+ Kf8 14.Bxe7+
Kxe7 15.g3 Rd8 16.Ne4 Rxd1+ 17.Kxd1 Bg4+ 18.Kc1 Bf3 19.Rg1 Bxe4 20.Bc4 Rd8
21.f4 b5 22.Bb3 Nd4 23.Re1 Nxb3+ 24.axb3 f5 25.g4 g6 26.h3 exf4 27.gxf5 gxf5
28.Rf1 f3 29.h4 Rg8 30.Kd2 Rg2+ 31.Kc3 Rxc2+ 32.Kd4 f2 33.Ke3 Rxb2 34.Rxf2
Rxf2 35.Kxf2 b4 36.Ke3 Bc2 37.Kd4 Bxb3 38.Kc5 f4 39.Kxb4 f3 40.Kxb3 f2 41.Kc4
f1=Q+ 42.Kd4 Qe2 43.Kd5 Qe3 44.Kc6 Qd4 45.Kc7 Qc5+ 46.Kb7 Kd7 47.Kxa6 Qb4
48.Ka7 Kc7 49.Ka6 Qb6# 0-1

[Event "2016 Wellington Easter Open"]
[Site "Wellington NZL"]
[Date "2016.03.25" ]
[Round "1.12"]
[White "James, Jack"]
[Black "Marko, H Nigel A"]
[Result "1-0"]
[WhiteElo "2097"]
[BlackElo "1300"]
[PlyCount "0"]
[EventDate "2016.03.25"]
[SourceDate ""]

1.e4 e5 2.Nf3 Nc6 3.d3 Nf6 4.Nbd2 Bc5 5.Be2 Bxf2+ 6.Kxf2 Ng4+ 7.Kg1 Ne3 8.Qe1
Nxc2 9.Qg3 Nxa1 10.Qxg7 Rf8 11.Nxe5 Qe7 12.Nxc6 Qc5+ 13.Nd4 Qxc1+ 14.Kf2 Qxd2
15.Qe5+ Kd8 16.Qf6+ Ke8 17.Nf5 Qf4+ 18.Kg1 Qc1+ 19.Bf1 Qc5+ 20.d4 Qxf5
21.exf5 Nc2 22.a3 d6 23.Kf2 Kd7 24.Bd3 Nxa3 25.bxa3 Kc6 26.Qe7 Be6 27.Rc1+
Kd5 28.Ke3 1-0

[Event "2016 Wellington Easter Open"]
[Site "Wellington NZL"]
[Date "2016.03.25" ]
[Round "1.13"]
[White "Zhao, Aiden Tyler"]
[Black "Goodhue, Nathan"]
[Result "0-1"]
[WhiteElo "1231"]
[BlackElo "2074"]
[PlyCount "0"]
[EventDate "2016.03.25"]
[SourceDate ""]

1.e4 g6 2.d4 Bg7 3.Nf3 d6 4.Bf4 a6 5.Nc3 b5 6.a3 Nd7 7.Qd2 h6 8.O-O-O e6
9.Re1 g5 10.Bg3 Qe7 11.Kb1 Ngf6 12.Bd3 Nh5 13.d5 e5 14.h3 Nf4 15.Bxf4 gxf4
16.g3 fxg3 17.fxg3 Bf6 18.h4 Nc5 19.Re3 Bd7 20.Rf1 O-O-O 21.b4 Nxd3 22.Rxd3
Rdg8 23.Ne1 h5 24.Qf2 Rg6 25.Qa7 Kd8 26.Qxa6 Rhg8 27.Rg1 Bxh4 28.Qa8+ Bc8
29.Nxb5 Qd7 30.Qb8 Bxg3 31.a4 h4 32.a5 h3 33.a6 h2 34.Rh1 Bxe1 35.Rxh2 Ke7
36.a7 Ba6 37.Qxc7 Bxb5 38.Qxd7+ Kxd7 39.Ra3 Ra8 40.Rh7 Rf6 41.Rh8 Rxh8
42.a8=Q Rxa8 43.Rxa8 Kc7 44.Ra7+ Kb6 45.Rd7 Bc3 46.Rd8 Bc4 47.Rc8 Rf1# 0-1

[Event "2016 Wellington Easter Open"]
[Site "Wellington NZL"]
[Date "2016.03.25" ]
[Round "1.14"]
[White "Nyberg, Michael"]
[Black "Lourenco, Eva"]
[Result "1-0"]
[WhiteElo "2068"]
[BlackElo "1060"]
[PlyCount "0"]
[EventDate "2016.03.25"]
[SourceDate ""]

1.e4 c5 2.Nf3 Nc6 3.c3 Nf6 4.e5 Nd5 5.d4 cxd4 6.cxd4 g6 7.Bc4 e6 8.Nc3 Bb4
9.Bd2 Qa5 10.Rc1 Bxc3 11.bxc3 Nce7 12.O-O Qc7 13.Bb3 b5 14.c4 bxc4 15.Bxc4
Bb7 16.Bxd5 Qb8 17.Bxb7 Qxb7 18.Bg5 Nf5 19.Bf6 O-O 20.Qd2 h5 21.Qg5 Qe4
22.Rfe1 Qg4 23.h3 Qxg5 24.Bxg5 Kg7 25.Rc7 d6 26.g4 Nh6 27.Bxh6+ Kxh6 28.g5+
Kg7 29.exd6 Kg8 30.Ne5 f6 31.Nxg6 Rfd8 32.Rxe6 fxg5 33.Ree7 Rxd6 34.Rg7#
1-0

[Event "2016 Wellington Easter Open"]
[Site "Wellington NZL"]
[Date "2016.03.25" ]
[Round "1.15"]
[White "Austin, Tama"]
[Black "Jackson, L Ross"]
[Result "0-1"]
[WhiteElo "1178"]
[BlackElo "2027"]
[PlyCount "0"]
[EventDate "2016.03.25"]
[SourceDate ""]

1.d4 Nf6 2.Nf3 e6 3.Bf4 b6 4.e3 Bb7 5.c4 Bb4+ 6.Nc3 Ne4 7.Qc2 f5 8.a3 Be7
9.Be2 d6 10.O-O O-O 11.Rfd1 g5 12.Bg3 Nxc3 13.Qxc3 f4 14.exf4 gxf4 15.Bxf4
Rxf4 16.Qe3 Re4 17.Qd2 Rg4 18.Qe3 Rg6 19.Bd3 Bg5 20.Qe2 Rh6 21.c5 Nd7 22.Qc2
Bxf3 23.gxf3 Bf4 0-1

[Event "2016 Wellington Easter Open"]
[Site "Wellington NZL"]
[Date "2016.03.25" ]
[Round "1.17"]
[White "Luo, Vincent"]
[Black "Nicholls, Leighton"]
[Result "0-1"]
[WhiteElo "200"]
[BlackElo "1985"]
[PlyCount "0"]
[EventDate "2016.03.25"]
[SourceDate ""]

1.d4 Nf6 2.Nc3 c5 3.e3 d5 4.b3 Nc6 5.Nf3 Bg4 6.Be2 e6 7.O-O Be7 8.h3 Bh5
9.Ba3 cxd4 10.Bxe7 Qxe7 11.exd4 O-O 12.Bb5 Rac8 13.a4 Nb4 14.Qd2 a6 15.Be2
Rc7 16.Rac1 Rfc8 17.Bd3 Bxf3 18.gxf3 Rxc3 19.Rfe1 Nxd3 20.cxd3 Qc7 21.Rcd1
Rxb3 22.Rc1 Rc3 23.Rf1 Rxc1 24.Rxc1 Qxc1+ 25.Qxc1 Rxc1+ 26.Kg2 Ra1 27.f4 Rxa4
28.Kg3 a5 29.Kh4 Rxd4 0-1

[Event "2016 Wellington Easter Open"]
[Site "Wellington NZL"]
[Date "2016.03.25" ]
[Round "1.19"]
[White "Phease, Tristan"]
[Black "Paul, David"]
[Result "0-1"]
[WhiteElo "987"]
[BlackElo "1886"]
[PlyCount "0"]
[EventDate "2016.03.25"]
[SourceDate ""]

1.e4 c5 2.Nf3 d6 3.Bc4 Nc6 4.Nc3 Nf6 5.d4 cxd4 6.Nxd4 e6 7.Bg5 Be7 8.O-O O-O
9.Re1 a6 10.e5 Nxe5 11.Bb3 Qc7 12.f4 Ng6 13.f5 exf5 14.Bxf6 Bxf6 15.Nd5 Bxd4+
16.Qxd4 Qc5 17.Qxc5 dxc5 18.Ne7+ Nxe7 19.Rxe7 Be6 20.Rxb7 c4 21.Ba4 Rfd8
22.b3 Rd2 23.b4 Bd5 24.Rd7 Rxg2+ 25.Kf1 Be4 26.Rad1 g6 27.R1d2 Rxd2 28.Rxd2
Ra7 29.Kf2 Kf8 30.Rd4 Rc7 31.Rd6 Bb7 32.Ke3 Ke7 33.Rb6 f6 34.Kf4 Bc8 35.c3
g5+ 36.Kf3 h5 37.Bc2 Bb7+ 38.Kf2 Bc8 39.Kf3 Bb7+ 40.Kf2 f4 41.Bf5 g4 42.a4 a5
43.bxa5 Bc8 44.Rb5 Bd7 45.Bxd7 Rxd7 46.Rxh5 Rd2+ 47.Ke1 Ra2 48.Rh4 f5 49.a6
Rxa4 50.a7 Kf6 51.Rh7 Ke5 52.Rc7 Kd5 53.Kf2 Ra2+ 54.Kf1 f3 55.Rf7 Ke4 56.Re7+
Kd3 57.Rf7 Kxc3 58.Rxf5 Rxa7 59.Rg5 Ra2 60.Rxg4 Rxh2 61.Rg3 Kd2 62.Rxf3 c3
63.Rf7 c2 64.Rd7+ Kc1 65.Ke1 Rh5 66.Rb7 Rd5 67.Rb8 Re5+ 68.Kf2 Kd2 69.Rd8+
Kc3 70.Rc8+ Kd3 0-1

[Event "2016 Wellington Easter Open"]
[Site "Wellington NZL"]
[Date "2016.03.25" ]
[Round "1.21"]
[White "Winter, Ryan"]
[Black "Roberts, Michael H"]
[Result "1-0"]
[WhiteElo "1099"]
[BlackElo "1843"]
[PlyCount "0"]
[EventDate "2016.03.25"]
[SourceDate ""]

1.d4 Nf6 2.c4 e6 3.Nf3 Bb4+ 4.Bd2 Qe7 5.a3 Bxd2+ 6.Qxd2 c5 7.e3 b6 8.Nc3 Bb7
9.Be2 O-O 10.O-O d5 11.b3 Nc6 12.cxd5 exd5 13.dxc5 Na5 14.Rab1 bxc5 15.Nxd5
Nxd5 16.Qxa5 Nxe3 17.fxe3 1-0

[Event "2016 Wellington Easter Open"]
[Site "Wellington NZL"]
[Date "2016.03.25" ]
[Round "1.22"]
[White "Cunningham, Patrick D"]
[Black "Dai, Zhiheng"]
[Result "1-0"]
[WhiteElo "1744"]
[BlackElo "1129"]
[PlyCount "0"]
[EventDate "2016.03.25"]
[SourceDate ""]

1.d4 d5 2.Nf3 Nc6 3.g3 g6 4.Bg2 Nf6 5.O-O e6 6.Bg5 Be7 7.Nbd2 O-O 8.c4 b6
9.Rc1 Bb7 10.Re1 Nb4 11.Qb3 Rc8 12.Bxf6 a5 13.Bxe7 Qxe7 14.c5 bxc5 15.Rxc5
Ra8 16.Rec1 a4 17.Qxb4 Ra7 18.Qc3 Ba6 19.e3 Rb7 20.Ne5 Qd6 21.Rc6 Qe7 22.Rxa6
Qe8 23.Rc6 Rb5 { Can't work it out? } 1-0